Villány község német nyelvjárásának hangtana
Elmentve itt :
| Szerző: | |
|---|---|
| További közreműködők: | |
| Dokumentumtípus: | Szakdolgozat |
| Megjelent: |
1984
|
| Tárgyszavak: | |
| Online Access: | http://diploma.bibl.u-szeged.hu/55348 |
| LEADER | 00558nta a2200157 i 4500 | ||
|---|---|---|---|
| 001 | dipl55348 | ||
| 005 | 20160203083312.0 | ||
| 008 | 160203s1984 hu om 0|| ger d | ||
| 040 | |a SZTE Diploma Repozitórium |b hun | ||
| 041 | |a ger | ||
| 100 | 1 | |a Emmert Erzsébet | |
| 245 | 1 | 0 | |a Villány község német nyelvjárásának hangtana |h [elektronikus dokumentum] / |c Erzsébet Emmert |
| 260 | |c 1984 | ||
| 650 | 4 | |a Bölcsészettudományok | |
| 700 | 1 | |a Márvány János |e ths | |
| 856 | 4 | 0 | |u http://diploma.bibl.u-szeged.hu/id/eprint/55348/1/1984_emmert_erzsebet.pdf |z Dokumentum-elérés |